000 01525nam a22003737a 4500
003 CHAP
005 20220329143530.0
008 100413s2010 mx r 00010 spa d
010 _a98105
011 _a99077
035 _a109762
040 _cCHAP
090 _aTesis
100 1 _aGuzmán Pardo, Jesús Salvador.
_951992
245 1 4 _aLas exportaciones de aguacate de Michoacán y su impacto en el crecimiento y desarrollo económico del municipio de Tancítaro
_c/por Jesús Salvador Guzmán Pardo
260 _aChapingo, Méx. :
_bEl autor,
_c2010
300 _a108 h. :
_btablas, gráfs. mapas
502 _aTesis (Lic. en Comercio Internacional de Productos Agropecuarios) -- UACH. División de Ciencias Económico - Administrativas
530 _aTambién disponible en línea
590 _aALEPH
_b10
_c20130110
_lUCH01
_h1533
590 _aBATCH-UPD
_b10
_c20130110
_lUCH01
_h1452
590 _aBATCH-UPD
_b10
_c20130410
_lUCH01
_h0918
590 _aBATCH-UPD
_b10
_c20130913
_lUCH01
_h2308
590 _aBATCH-UPD
_b10
_c20140324
_lUCH01
_h1516
590 _aBATCH-UPD
_b10
_c20141002
_lUCH01
_h0842
590 _aCONVERSION
_b10
_c20130109
_lUCH01
_h1354
650 0 4 _aAguacate
_xExportacion.
_92515
650 0 4 _aAguacate
_xMichoacán.
_92535
856 _3Finding aid
_uhttp://10.13.5.2/tesis/109762.pdf
_zTeclea aqui
901 _aBK
942 _cFOLL
949 _aTesis
_bBC
_cTES
_d33724002170959
_eTS2
_fc.2
_gDonaciØn
_h50550
_i109762
_sb
949 _aTesis
_bBC
_cTES
_d33724002170991
_eTS1
_gDonaciØn
_h50549
_i109762
_sb
999 _c98105
_d98105